00476 2200181 4500001002100000005001500021035002000036245005300056100002200109250001100131300003000142260004000172082001300212084001900225020002200244650001700266990001100283INLIS00000000000166020240425104902 a0010-04240000151 aNaruto :bKepulangan Naruto /cMasashi Kishimoto0 aMasashi Kishimoto aVol.46 a190 hlm :bilust ;c17 cm aJakarta :bPT Elex Media Komputindo a741.5592 a741.5592 MAS n a978-979-27-5983-9 4aKomik Jepang a003251